O gosudarstvennom regulirovanii cen

Liberalizácia cien v Rusku neovplyvnila vlastné výrobné náklady. Pokles spotreby. Absencia trhového mechanizmu ovplyvnila vzťah dopytu a ponuky. Monopolné správanie výrobcov v podmienkach liberalizácie cien. Program komplexnej regulácie cien. Regulovanie cien určovaných monopolnými výrobcami. Metódy...

Full description

Saved in:
Bibliographic Details
Main Author: Novikov, V.Je
Format: Book Chapter
Language:Russian
Subjects:
Tags: Add Tag
No Tags, Be the first to tag this record!

MARC

LEADER 00000naa a2200000 4500
001 r012344
005 20221130112855.4
041 0 |a rus 
044 |a RU 
245 1 0 |a O gosudarstvennom regulirovanii cen  |c V.Je. Novikov 
520 |a Liberalizácia cien v Rusku neovplyvnila vlastné výrobné náklady. Pokles spotreby. Absencia trhového mechanizmu ovplyvnila vzťah dopytu a ponuky. Monopolné správanie výrobcov v podmienkach liberalizácie cien. Program komplexnej regulácie cien. Regulovanie cien určovaných monopolnými výrobcami. Metódy a účinnosť regulácie. 
610 2 0 |a ceny 
610 2 0 |a liberalizácia 
610 2 0 |a regulácia cenová 
610 2 0 |a dopyt spotrebiteľský 
610 2 0 |a ponuka 
610 2 0 |a Rusko 
100 1 |a Novikov, V.Je.